| 000 | 00478 a2200193 4500 | ||
|---|---|---|---|
| 005 | 20250430142735.0 | ||
| 008 | 250430b |||||||| |||| 00| 0 eng d | ||
| 020 |
_a9789355738479 _cRs. 850.00 |
||
| 040 | _aMAIN | ||
| 082 |
_a658.8 _bB644C(18) |
||
| 100 | _aBoone, Louis E. | ||
| 245 | _aContemporary marketing | ||
| 250 | _a18th | ||
| 260 |
_bCengage Learning India _aDelhi _c2023 |
||
| 300 | _axix, 399 | ||
| 650 | _aManagement | ||
| 650 | _aMarketing | ||
| 942 | _cBK | ||
| 999 |
_c359900 _d359900 |
||